Κύπρος - Ξαφνικός Θάνατος - Statistics

General Stats
  • This quiz has been taken 103 times
  • The average score is 7 of 18
Answers on the Grid
Answers color-coded by a green-red scale on the quiz's grid according to % correct below.
Λευκωσία
Λεμεσός
Αγία Νάπα
ΑΠΟΕΛ
Λευκαρίτικα
Μακάριος Γ΄
Όλυμπος
Τεκές Χαλά Σουλτάνας
Χαλλούμι
Τρόοδος
Τόπος γέννησης της Αφροδίτης
Συνορεύει το Ιόνιο πέλαγος
Αρχαιολογικό Πάρκο Πάφου
Πλειοψηφία Ορθόδοξων
Αθήνα
Θεσσαλονίκη
Άγιο Όρος
Περιφέρεια της Ελλάδας
Μέλος του χώρου Σένγκεν
Πλειοψηφία Καθολικών
Ελιές Καλαμάτας
Γαλανόλευκη σημαία
Συνορεύει το Αιγαίο Πέλαγος
Μουσακά
Παρθενώνας
Τόπος γέννησης του Ηφαίστου
Σούβλα
Σουβλάκι
Κατακτημένο απτή Βενετία
Κατακτημένο απτή Φασιστική Ιταλία
Η Οδύσσεια
Η ιστορία της αρχής του Τρωικού Πολέμου
Όθελλος*
Βασιλιάς Ληρ*
Ζορμπά ο Έλληνας
Μαντείο των Δελφών
 
Answer Stats
Answer % Correct
Χαλλούμι
77%
Λεμεσός
66%
Λευκωσία
64%
Αγία Νάπα
60%
ΑΠΟΕΛ
60%
Μακάριος Γ΄
60%
Τόπος γέννησης της Αφροδίτης
53%
Αρχαιολογικό Πάρκο Πάφου
51%
Λευκαρίτικα
49%
Τρόοδος
40%
Πλειοψηφία Ορθόδοξων
40%
Τεκές Χαλά Σουλτάνας
28%
Όλυμπος
19%
Σούβλα
19%
Όθελλος*
19%
Κατακτημένο απτή Βενετία
17%
Ζορμπά ο Έλληνας
6%
Η ιστορία της αρχής του Τρωικού Πολέμου
0%
No matching quizzes found
Score Distribution
Percent of People with Each Score
Percentile by Number Answered
Your Score History
You have not taken this quiz